INTRODUCTION TO FASHION DESIGN (Record no. 13529)

MARC details
000 -LEADER
fixed length control field 00267nam a22001217a 4500
003 - CONTROL NUMBER IDENTIFIER
control field SGT
082 ## - DEWEY DECIMAL CLASSIFICATION NUMBER
Classification number 746.92
Item number IRE
100 ## - MAIN ENTRY--PERSONAL NAME
Personal name IRELAND, PATRUCLE J
245 ## - TITLE STATEMENT
Title INTRODUCTION TO FASHION DESIGN
260 ## - PUBLICATION, DISTRIBUTION, ETC. (IMPRINT)
Name of publisher, distributor, etc BT BATSTORED LONDON
Year of Publication 1996
300 ## - PAGE DESCRIPTION
No. of Pages 95
942 ## - ADDED ENTRY ELEMENTS (KOHA)
Source of classification or shelving scheme Dewey Decimal Classification
Koha item type Books
Holdings
Withdrawn status Lost status Source of classification or shelving scheme Damaged status Not for loan Home library Current library Shelving location Date acquired Vendor Name Cost, normal purchase price SGTU Bill Number Total Checkouts Full call number Accession No. (Barcode) Date last seen Date last borrowed Bill Date Koha item type
    Dewey Decimal Classification     SGT Science & Social Sciences Library SGT Science & Social Sciences Library Text Book 20/09/2017 SUMSAC INT. DELHI 0.00 SGTU 02854 3 746.92 IRE FF501 10/04/2019 23/03/2019 20/09/2017 Books